MARC details
| 000 -CABECERA |
| campo de control de longitud fija |
01795nam a2200217 a 4500 |
| 001 - NÚMERO DE CONTROL |
| campo de control |
000000291 |
| 005 - FECHA Y HORA DE LA ÚLTIMA TRANSACCIÓN |
| campo de control |
20251126130823.0 |
| 008 - DATOS DE LONGITUD FIJA--INFORMACIÓN GENERAL |
| campo de control de longitud fija |
081127s1990 dr r 000 0 spa d |
| 040 ## - FUENTE DE LA CATALOGACIÓN |
| Centro catalogador/agencia de origen |
DO-SdBNP |
| Lengua de catalogación |
spa |
| Centro/agencia transcriptor |
BNPHU |
| 082 ## - NÚMERO DE LA CLASIFICACIÓN DECIMAL DEWEY |
| Número de clasificación |
261.83 |
| Número de documento/Ítem |
H557h |
| 100 1# - ENTRADA PRINCIPAL--NOMBRE DE PERSONA |
| Nombre de persona |
Hernández M, Edgar |
| 9 (RLIN) |
987 |
| 245 13 - MENCIÓN DE TÍTULO |
| Título |
El histórico Cristo sin rostro / |
| Mención de responsabilidad, etc. |
Edgar Hernández M. |
| 260 ## - PUBLICACIÓN, DISTRIBUCIÓN, ETC. |
| Lugar de publicación, distribución, etc. |
Santo Domingo : |
| Nombre del editor, distribuidor, etc. |
Alfa & Omega, |
| Fecha de publicación, distribución, etc. |
1990. |
| 300 ## - DESCRIPCIÓN FÍSICA |
| Extensión |
112 p. ; |
| Dimensiones |
20 cm. |
| 500 ## - NOTA GENERAL |
| Nota general |
Edición patrocinada por "Unión Cristiana de la Juventud" |
| 505 0# - NOTA DE CONTENIDO CON FORMATO |
| Título |
Comentarios del autor -- |
| -- |
Comentario 1 -- |
| -- |
Comentario 2 -- |
| -- |
Comentario 3 -- |
| -- |
Comentario 4 -- |
| -- |
Comentario 5 -- |
| -- |
Comentario 6 -- |
| -- |
Comentario 7 -- |
| -- |
Comentario 8 -- |
| -- |
El histórico Cristo sin rostro -- |
| -- |
Exposiciones del poeta -- |
| -- |
En el balcón del antiguo convento (I) -- |
| -- |
El no-vidente (II) -- |
| -- |
El profesor Malaquías y el sacristán (III) -- |
| -- |
El padre Ferrís (IV) -- |
| -- |
La inquisición (V) -- |
| -- |
Ateo por "evolución" (VI) -- |
| -- |
Machazo en la alameda (VII) -- |
| -- |
El general (VIII) -- |
| -- |
El viejo capitán de barco (IX) -- |
| -- |
Lumen dos mil (X) -- |
| -- |
Mi tío Felipe (XI) -- |
| -- |
La legendaria ciudad de Antigua (XII) -- |
| -- |
El lenguaje no-verbal (XIII) -- |
| -- |
Ulises y Marcos (XIV) -- |
| -- |
Un encuentro de casa de Mario (XV) -- |
| -- |
El pobre caminante (XVI) -- |
| -- |
El domador de dragones (XVII) -- |
| -- |
Guelo, el recluso (XVIII) -- |
| -- |
El solitario coleccionista (XIX) -- |
| -- |
Frente a la estatua de la libertad, (XX) -- |
| -- |
Punto de convergencia (XXI) -- |
| -- |
El partidario del fuego (XXII) -- |
| -- |
Diálogo inolvidable (XXIII) -- |
| -- |
A la puerta de la academia de historia (XXIV) -- |
| -- |
El sabio anciano (XXV) -- |
| -- |
Datos biográficos. |
| 590 ## - NOTA LOCAL (RLIN) |
| Nota local |
Inventariado, 2018/ YL |
| 650 #4 - PUNTO DE ACCESO ADICIONAL DE MATERIA--TÉRMINO DE MATERIA |
| Término de materia o nombre geográfico como elemento de entrada |
Iglesia católica y problemas sociales |
| Subdivisión geográfica |
República Dominicana |
| 9 (RLIN) |
988 |
| 650 #0 - PUNTO DE ACCESO ADICIONAL DE MATERIA--TÉRMINO DE MATERIA |
| Término de materia o nombre geográfico como elemento de entrada |
Socialismo cristiano |
| 9 (RLIN) |
989 |
| 910 ## - DATOS DE OPCIÓN DEL USUARIO (OCLC) |
| Datos de opción del usuario |
Validado. Control de calidad. MFF |